00561cam a22001697a 4500003000500000005001700005008004100022010001000063011001000073035001000083040000900093100004200102245013300144260007600277300001000353650002800363CHAP20220329142228.0000307d1995 mx r 00010 spa d a80208 a81180 a91642 cCHAP00aValdovinos Chávez, Víctor Rafael. 4aLos multiplicadores de Lagrange en economía :b(aspectos conceptuales y metodológicos)c/por Víctor R. Valdovinos Chávez aChapingo, Méx. :bUACH. Departamento de Economía Agrícola,c1995. a18 p.14aTeorías económicas.